Normal view
MARC view
- Precious stones
Entry Topical Term
001 - CONTROL NUMBER
- control field: 118562
003 - CONTROL NUMBER IDENTIFIER
- control field: NUST
005 - DATE AND TIME OF LATEST TRANSACTION
- control field: 20231026163622.0
008 - FIXED-LENGTH DATA ELEMENTS
- fixed length control field: 231026|| aca||aabn | a|a d
040 ## - CATALOGING SOURCE
- Original cataloging agency: NUST
- Transcribing agency: NUST
150 ## - HEADING--TOPICAL TERM
- Topical term or geographic name entry element: Precious stones
670 ## - SOURCE DATA FOUND
- Source citation: Work cat.: (NUST): Hall, Cally 118561, Gemstones/, 2000.
